| 000 | 00467nam a2200181Ia 4500 | ||
|---|---|---|---|
| 003 | LK-CoDNM | ||
| 005 | 20240202135156.0 | ||
| 008 | 010623t1936 xxu||||| |||| 00| 1 sin d | ||
| 040 |
_aLK-CoDNM _dLK-CoDNM _eLK-CoDNM |
||
| 041 | _asin | ||
| 080 |
_a104 _bO 31 |
||
| 245 | _aමාරපරාජය පිරිත | ||
| 246 | _aMaaraparaajaya piritha | ||
| 260 |
_bBaladeewa deeshabandu _aColombo _c1936 |
||
| 300 | _b1p, 14 cm | ||
| 650 | _aPirith | ||
| 942 | _cBK | ||
| 999 |
_c98264 _d98264 |
||